000 00497nam a22001937a 4500
003 MPLRDC
005 20220104124742.0
008 210129b ||||| |||| 00| 0 eng d
020 _a7-5376-0569-6
082 _a684 ZGWL v.2
100 _a梁志林等主编
245 _a万里长城诗选
_c
250 _a一版一刷
260 _a
_b河北少年儿童出版社
_c1990
300 _b
490 _a中国万里长城丛书
650 _a中国名胜古迹
942 _cBK
_o684 ZGWL v.2
999 _c21867
_d21857